Experimentální ověření výpočtů napětí a deformací rotorové klece /

Hlavní autor: Liška, Václav, 1955-
Jazyk: Čeština
Vydáno: Brno : Výzkumný a vývojový ústav elektrických strojů točivých, 1970
Edice: Technická zpráva
Fyzický popis: 51 s.
Knihy
Uloženo v:
LEADER 00799nam a2200217 a 4500
001 000653195
003 CZ BrMZK
005 20030226084255.0
008 030211s1970 xr f cze d
040 |a BOA001  |b cze  |c BOA001 
080 |a 621.313.333.043  |2 MRF 
100 1 |a Liška, Václav,  |d 1955-  |7 mzk2007377524  |4 com 
245 1 0 |a Experimentální ověření výpočtů napětí a deformací rotorové klece /  |c Václav Liška 
260 |a Brno :  |b Výzkumný a vývojový ústav elektrických strojů točivých,  |c 1970 
300 |a 51 s. 
490 1 |a Technická zpráva ;  |v TZ 1487 
504 |a Bibliografie na s. 51 
830 0 |a Technická zpráva 
910 |a BOA001  |b TK-A-0154.849 
990 |a BK 
996 7 |b 2629956321  |c TK-A-0154.849  |l MZK  |r Sklad / do 24 hodin  |n 1  |w 000653195  |u 000010  |a 1  |e BOA001  |j MZK50  |s A